Use of Recycled Materials in Road Construction

Používanie recyklovaných materiálov je dôležitým nástrojom trvalo udržateľného rozvoja a dosahovania kompromisu medzi hospodárskym pokrokom a ochranou životného prostredia. Článok zameraný na jeden segment problému, cestné stavby. Pri výstavbe ciest je optimálnym riešením použiť „starý povrch“ na vy...

Descripción completa

Guardado en:
Detalles Bibliográficos
Autor principal: Tatýrek, Václav
Otros Autores: Mešťanová, Dana
Formato: Capítulo de libro
Lenguaje:inglés
Materias:
Etiquetas: Agregar Etiqueta
Sin Etiquetas, Sea el primero en etiquetar este registro!

MARC

LEADER 00000naa a2200000 4500
001 0277664
005 20250708155251.7
041 0 |a eng 
044 |a CZ 
245 1 0 |a Use of Recycled Materials in Road Construction  |c Václav Tatýrek, Dana Mešťanová 
520 |a Používanie recyklovaných materiálov je dôležitým nástrojom trvalo udržateľného rozvoja a dosahovania kompromisu medzi hospodárskym pokrokom a ochranou životného prostredia. Článok zameraný na jeden segment problému, cestné stavby. Pri výstavbe ciest je optimálnym riešením použiť „starý povrch“ na vytvorenie nového. To je obzvlášť výhodné na cestách s povrchom z asfaltového materiálu. Vďaka svojim vlastnostiam je možné ho opätovne spracovať a použiť v nových balených asfaltových zmesiach. Cieľom je vo všeobecnosti použiť 100% recyklovaný materiál. 
610 2 0 |a cesty 
610 2 0 |a recyklácia odpadu 
610 2 0 |a doprava 
610 2 0 |a stavba ciest 
610 2 0 |a rozvoj trvalo udržateľný 
100 1 |a Tatýrek, Václav 
700 1 |a Mešťanová, Dana